| 000 | 00542nam a2200181 i 4500 | ||
|---|---|---|---|
| 001 | 48630 | ||
| 003 | ES-MaACL | ||
| 005 | 20230906161803.0 | ||
| 007 | t| | ||
| 008 | 030826s1874 fr |||| | fre d | ||
| 100 | 1 |
_aPergameni, Hermann. _991236 |
|
| 245 | 1 | 3 |
_aLa détention préventive / _cpar Hermann Pergameni. |
| 260 |
_aParis : _bGuillaumin et Cie, _c1874. |
||
| 300 |
_a28 p. ; _c22 cm. |
||
| 500 | _aExtrait de La Revue de Belgique. | ||
| 650 | 4 |
_aPrisión provisional. _9143328 |
|
| 852 |
_aES-MaACL _jD-203(4) _z. - Donativo Lastres |
||
| 999 |
_c48630 _d48630 |
||